Cálculo (Registro nro. 1507)
[ vista simple ]
| 000 -Cabecera | |
|---|---|
| Campo de control de longitud fija | 01155aam a2200457 4500 |
| 005 - Fecha y hora de la última transacción | |
| Campo de control | 20251114144745.0 |
| 008 - Elementos de longitud fija--Información general | |
| Campo de control de longitud fija | 150626b2003 xxu||||| |||| 00| 0 spa d |
| 020 ## - International Standard Book Number | |
| Número Internacional Estándar del Libro (ISBN) | 8448138619 |
| 041 ## - Idioma | |
| Código de idioma | Español |
| 082 ## - Clasificación Decimal Dewey | |
| Número de clasificación | 515 S658c2 |
| 100 ## - Entrada principal--Autor personal | |
| Nombre personal | Smith, Robert T. |
| 9 (RLIN) | 26872 |
| 100 ## - Entrada principal--Autor personal | |
| Nombre personal | Minton, Roland B. |
| 9 (RLIN) | 26873 |
| 245 ## - Título propiamente dicho | |
| Título | Cálculo |
| 250 ## - Edición | |
| Mención de edición | 2 edición |
| 260 ## - Pie de imprenta | |
| Lugar de publicación, distribución, etc. | México |
| 260 ## - Pie de imprenta | |
| Nombre del editor, distribuidor, etc. | McGraw-Hill |
| 260 ## - Pie de imprenta | |
| Fecha de publicación, distribución, etc. | 2003 |
| 300 ## - Descripción física | |
| Extensión | 687 páginas |
| 490 ## - Serie | |
| Título de la Serie | Big Data |
| 490 ## - Serie | |
| Título de la Serie | Electrónica |
| 490 ## - Serie | |
| Título de la Serie | Gestión de Calidad |
| 490 ## - Serie | |
| Título de la Serie | Tecnologías de la Información |
| 505 ## - Nota de contenido | |
| Nota de contenido | Volumen 1 |
| 650 ## - Materia general | |
| Temática (materia general) | CALCULO |
| 650 ## - Materia general | |
| Temática (materia general) | TRIGONOMETRIA |
| 650 ## - Materia general | |
| Temática (materia general) | PLANO CARTESIANO |
| 650 ## - Materia general | |
| Temática (materia general) | FUNCIONES EXPONENCIALES |
| 650 ## - Materia general | |
| Temática (materia general) | LIMITES |
| 650 ## - Materia general | |
| Temática (materia general) | DERIVADAS |
| 650 #0 - Materia general | |
| Temática (materia general) | INTEGRACIÓN |
| 650 ## - Materia general | |
| Temática (materia general) | INTEGRAL DEFINIDA |
| 650 ## - Materia general | |
| Temática (materia general) | LONGITUD DE ARCO |
| 650 ## - Materia general | |
| Temática (materia general) | AREA DE SUPERFICIE |
| 650 ## - Materia general | |
| Temática (materia general) | FUNCION EXPONENCIAL |
| 650 ## - Materia general | |
| Temática (materia general) | FUNCION HIPERBOLICA |
| 650 #0 - Materia general | |
| Temática (materia general) | TÉCNICAS DE INTEGRACIÓN |
| 650 ## - Materia general | |
| Temática (materia general) | TABLAS DE INTEGRALES |
| 650 ## - Materia general | |
| Temática (materia general) | SERIES |
| 650 ## - Materia general | |
| Temática (materia general) | TEOREMAS |
| 942 ## - Punto de acceso adicional KOHA | |
| Tipo de ítem KOHA | Libro |
| Fuente del sistema de clasificación o colocación | Dewey Decimal Classification |
| Signatura completa | Código de barras | Programa Académico | Tipo de ítem |
|---|---|---|---|
| 515 S658c2 | 2362 | Libro | |
| 515 S658ca2 | 2864 | Libro | |
| 515 S658c2 | 2865 | Libro |